000 00636nam a2200217Ia 4500
003 GCL
008 140319s9999 xx 000 0 ara d
040 _aGCL /
_cGCL
082 0 4 _a823
_bج ن
100 1 _aمرسى سعدالدين
245 1 0 _aناس من دبلن /
_cمرسى سعدالدين
700 1 _aجويس، جيمس
700 1 _aعنايات عبدالعزيز (مترجم)
300 _a324 ص
490 _aالالف كتاب
_v0
650 0 4 _aالادب
650 0 4 _aالقصص الانجليزية المترجمة
650 0 4 _aالادب الانجليزى
650 0 4 _aالقصص
942 _2ddc
_cBK
999 _c45342
_d45342